Fuzzy logic for embedded systems applications /
Fuzzy Logic for Embedded Systems Applications, by a recognized expert in the field, covers all the basic theory relevant to electronics design, with particular emphasis on embedded systems, and shows how the techniques can be applied to shorten design cycles and handle logic problems that are tough...
| Main Author: | |
|---|---|
| Format: | eBook |
| Language: | English |
| Published: |
Amsterdam ; Boston, Mass. :
Newnes,
2004.
|
| Series: | Embedded technology series.
|
| Subjects: | |
| Online Access: | Connect to the full text of this electronic book Publisher description Table of contents |
MARC
| Tag | First Indicator | Second Indicator | Subfields |
|---|---|---|---|
| LEADER | 00000cam a2200000Ia 4500 | ||
| 001 | in00002425720 | ||
| 006 | m d | ||
| 007 | cr cn||||||||| | ||
| 008 | 070806s2004 ne a s 001 0 eng d | ||
| 005 | 20260609193413.0 | ||
| 020 | |a 9780750676052 | ||
| 020 | |a 0750676051 | ||
| 035 | |a (OCoLC)162592351 | ||
| 037 | |a 94395:94394 |b Elsevier Science & Technology |n http://www.sciencedirect.com | ||
| 040 | |a OPELS |c OPELS |d BAKER |d UtOrBLW | ||
| 049 | |a TEFA | ||
| 050 | 1 | 4 | |a TK7895.E42 |b I32 2004eb |
| 082 | 0 | 4 | |a 004.16 |2 22 |
| 100 | 1 | |a Ibrahim, Ahmad M., |d 1951- | |
| 245 | 1 | 0 | |a Fuzzy logic for embedded systems applications / |c by Ahmad M. Ibrahim. |
| 264 | 1 | |a Amsterdam ; |a Boston, Mass. : |b Newnes, |c 2004. | |
| 300 | |a xvi, 293 pages : |b illustrations ; |c 24 cm. + |e 1 CD-ROM (4 3/4 in.) | ||
| 336 | |a text |b txt |2 rdacontent | ||
| 337 | |a computer |b c |2 rdamedia | ||
| 338 | |a online resource |b cr |2 rdacarrier | ||
| 490 | 1 | |a Embedded technology series | |
| 533 | |a Electronic reproduction. |b Amsterdam : |c Elsevier Science & Technology, |d 2007. |n Mode of access: World Wide Web. |n System requirements: Web browser. |n Title from title screen (viewed on Aug. 2, 2007). |n Access may be restricted to users at subscribing institutions. | ||
| 520 | |a Fuzzy Logic for Embedded Systems Applications, by a recognized expert in the field, covers all the basic theory relevant to electronics design, with particular emphasis on embedded systems, and shows how the techniques can be applied to shorten design cycles and handle logic problems that are tough to solve using conventional linear techniques. All the latest advances in the field aree discussed and practical circuit design examples presented. Fuzzy logic has been found to be particularly suitable for many embedded control applications. The intuitive nature of the fuzzy-based system design saves engineers time and reduces costs by shortening product development cycles and making system maintenance and adjustments easier. Yet despite its wide acceptanceand perhaps because of its nameit is still misunderstood and feared by many engineers. There is a need for embedded systems designersboth hardware and softwareto get up to speed on the principles and applications of fuzzy logic in order to ascertain when and how to use them appropriately. Fuzzy Logic for Embedded Systems Applications provides practical guidelines for designing electronic circuits and devices for embedded systems using fuzzy-based logic. It covers both theory and applications with design examples. * Unified approach to fuzzy electronics from an engineering point of view * Easy to follow with plenty of examples * Review and evaluation of free resources. | ||
| 505 | 0 | |a Introduction; A brief history of fuzzy logic; Why use fuzzy logic for embedded applications?; Fuzzy sets; Fuzzy logic algebra; Fuzzy modeling and control; Electronics devices and fuzziness; Electronic neural Networks; Embedded systems design case studies: Hardware; Embedded systems design case studies: Software; Fuzzy logic toolbox; Review of free fuzzy logic resources. | |
| 500 | |a Electronic resource. | ||
| 650 | 0 | |a Embedded computer systems |x Design and construction. | |
| 650 | 0 | |a Fuzzy logic. | |
| 655 | 7 | |a Electronic books. |2 local | |
| 730 | 0 | |a Referex. | |
| 776 | 1 | |c Original |z 0750676051 |z 9780750676052 |w (DLC) 2003054148 |w (OCoLC)52423987 | |
| 830 | 0 | |a Embedded technology series. | |
| 856 | 4 | 0 | |u http://proxy.library.tamu.edu/login?url=https://www.sciencedirect.com/science/book/9780750676052 |z Connect to the full text of this electronic book |t 0 |
| 856 | 4 | 2 | |3 Publisher description |u http://www.loc.gov/catdir/description/els031/2003054148.html |t 0 |
| 856 | 4 | 2 | |3 Table of contents |u http://www.loc.gov/catdir/toc/els031/2003054148.html |t 0 |
| 938 | |a Baker & Taylor |b BKTY |c 61.95 |d 46.46 |i 0750676051 |n 0004222200 |s active | ||
| 994 | |a C0 |b TEF | ||
| 999 | |a MARS | ||
| 999 | f | f | |s 5002d875-32e2-3022-8599-076a8a020ccb |i 1416aebc-f58f-3cbb-8cc9-2a4a16adc267 |t 0 |
| 952 | f | f | |a Texas A&M University |b College Station |c Electronic Resources |s www_evans |d Available Online |t 0 |e TK7895.E42 I32 2004eb |h Library of Congress classification |
| 998 | f | f | |a TK7895.E42 I32 2004eb |t 0 |l Available Online |